| 000 | 00868pam a2200277 a 4500 | ||
|---|---|---|---|
| 001 | 4817725 | ||
| 003 | NUST - PNEC | ||
| 005 | 20170116180820.0 | ||
| 008 | 890811s1990 nyua b 001 0 eng | ||
| 010 | _a 89023382 | ||
| 020 | _a0816023565 | ||
| 020 | _a085368779X | ||
| 040 |
_aDLC _cLIBRARY _dDLC |
||
| 050 | 0 | 0 |
_aUG630 _b.F55 1990 |
| 082 | 0 | 0 | _a358.4309 FLI |
| 100 | 1 | _aFlintham, Victor. | |
| 245 | 1 | 0 |
_aAir wars and aircraft : a detailed record of air combat, 1945 to the present / _cVictor Flintham. |
| 260 |
_aNew York : _bFacts on File, _cc19. |
||
| 300 |
_a415 p. : _bill. ; _c26 cm. |
||
| 500 | _aIncludes index. | ||
| 504 | _aIncludes bibliographical references (p. 393-399). | ||
| 650 | 0 |
_aAir warfare _xHistory. |
|
| 650 | 0 |
_aMilitary history, Modern _y20th century. |
|
| 906 |
_a7 _bcbc _corignew _d1 _eocip _f19 _gy-gencatlg |
||
| 942 |
_2ddc _cBK |
||
| 999 |
_c63681 _d63681 |
||